00420 2200169 4500001002100000005001500021008004100036035001900077041000700096082000800103090001400111100001900125245003500144260002300179300001900202650002900221INLIS00000000001592220241224115027241224||||||||| | ||| |||| || |  0010-1224015922 aid0 a621 a621 YUR b0 aFrancis d.yuri00aBELAJAR ELEKTRONIKA TANPA GURU aBandungbM2Sc2001 a171hlm;15x21cm 0aIlmu Teknik (Enjiniring)